Normal view
MARC view
- BIOSIS
Entry Personal Name
001 - CONTROL NUMBER
- control field: 109554
003 - CONTROL NUMBER IDENTIFIER
- control field: NUST
005 - DATE AND TIME OF LATEST TRANSACTION
- control field: 20230224110120.0
008 - FIXED-LENGTH DATA ELEMENTS
- fixed length control field: 230224|| aca||aabn | a|a d
040 ## - CATALOGING SOURCE
- Original cataloging agency: NUST
- Transcribing agency: NUST
100 ## - HEADING--PERSONAL NAME
- Personal name: BIOSIS
670 ## - SOURCE DATA FOUND
- Source citation: Work cat.: (NUST)193683: BIOSIS, Bibliographic Guide for Editors & Authors /, 1974
